| 000 | 00614nam a2200193 4500 | ||
|---|---|---|---|
| 001 | 120277 | ||
| 003 | ES-MaACL | ||
| 005 | 20230906191516.0 | ||
| 007 | t| | ||
| 008 | 070214s1972 sp r ||||1| spa d | ||
| 245 | 0 | 3 |
_aLa periferia del ordenador / _cesta obra ha sido redactada por Joël Cronier, Jean-Ives Lauruol, Michel Poujade. |
| 250 | _a1ª. ed. | ||
| 260 |
_aBarcelona : _bEta, _c1972. |
||
| 300 |
_aXIII, 193 p., 1 lám. : _bil. ; _c25 cm. |
||
| 700 | 1 |
_aCronier, Joël. _941691 |
|
| 700 | 1 |
_aLauruol, Jean-Ives. _970654 |
|
| 700 | 1 |
_aPoujade, Michel. _993431 |
|
| 852 |
_aES-MaACL _jC-45005 _bR.83760 |
||
| 999 |
_c120277 _d120277 |
||